Las niñas y los niños que trabajan en la minería artesanal colombiana : (Registro nro. 31164)

Detalles MARC
000 -LEADER
fixed length control field 00920nam a22002177a 4500
003 - CONTROL NUMBER IDENTIFIER
control field OSt
005 - DATE AND TIME OF LATEST TRANSACTION
control field 20260326134257.0
008 - FIXED-LENGTH DATA ELEMENTS--GENERAL INFORMATION
fixed length control field 260326b |||||||| |||| 00| 0 eng d
020 ## - INTERNATIONAL STANDARD BOOK NUMBER
International Standard Book Number 9223125995
037 ## - SOURCE OF ACQUISITION
Source of stock number/acquisition Donación
040 ## - CATALOGING SOURCE
Original cataloging agency CO-JMCR
Language of cataloging spa
Transcribing agency CO-JMCR
Modifying agency CO-JMCR
Description conventions rda
041 0# - LANGUAGE CODE
Language code of text/sound track or separate title spa
082 04 - DEWEY DECIMAL CLASSIFICATION NUMBER
Classification number 331.31 /
Item number N45a
245 04 - TITLE STATEMENT
Title Las niñas y los niños que trabajan en la minería artesanal colombiana :
Remainder of title diagnóstico sociocultural, económico y legislativo /
Statement of responsibility, etc. Organización Internacional del Trabajo Programa Internacional para la Erradicación del Trabajo Infantíl.
260 ## - PUBLICATION, DISTRIBUTION, ETC.
Place of publication, distribution, etc. Bogotá :
Name of publisher, distributor, etc. Minercol :
-- Oficina Internacional del Trabajo :
-- IPEC,
Date of publication, distribution, etc. 2001.
300 ## - PHYSICAL DESCRIPTION
Extent 159 páginas :
Other physical details ilustraciones ;
Dimensions 22 cm.
504 ## - BIBLIOGRAPHY, ETC. NOTE
Bibliography, etc. note Incluye bibliografía.
650 17 - SUBJECT ADDED ENTRY--TOPICAL TERM
Topical term or geographic name entry element Trabajo infantil
General subdivision Legislación
Geographic subdivision Colombia.
Source of heading or term JMCR
9 (RLIN) 44581
650 #7 - SUBJECT ADDED ENTRY--TOPICAL TERM
Topical term or geographic name entry element Niños
General subdivision Condiciones sociales
Geographic subdivision Colombia.
Source of heading or term JMCR
9 (RLIN) 13634
942 ## - ADDED ENTRY ELEMENTS (KOHA)
Source of classification or shelving scheme Dewey Decimal Classification
Koha item type Books
Existencias
Withdrawn status Lost status Source of classification or shelving scheme Damaged status Not for loan Collection code Home library Current library Shelving location Date acquired Total Checkouts Full call number Barcode Date last seen Copy number Price effective from Koha item type
    Dewey Decimal Classification     Non-fiction Biblioteca Pública José María del Castillo y Rada Biblioteca Pública José María del Castillo y Rada Book Cart 03/26/2026   331.31 / N45a 201812527 03/26/2026 Ej.1 03/26/2026 Books